LIBRARY & INFORMATION CENTRE, KCAET, TAVANUR

ONLINE PUBLIC ACCESS CATALOGUE (OPAC)

Bhashabharatham: Karna-Shaliya-Souptika-Sthree parvangal, Vol.5 / (Record no. 6514)

MARC details
000 -LEADER
fixed length control field 00441cam a2200145ua 4500
041 ## - LANGUAGE CODE
Language code of text/sound track or separate title mal
082 ## - DEWEY DECIMAL CLASSIFICATION NUMBER
Classification number 894.8121
Item number KUN/BH
100 ## - MAIN ENTRY--AUTHOR NAME
Personal name Kunhukuttan, Thampuran.
245 ## - TITLE STATEMENT
Title Bhashabharatham: Karna-Shaliya-Souptika-Sthree parvangal, Vol.5 /
260 ## - PUBLICATION, DISTRIBUTION, ETC. (IMPRINT)
Place of publication Thrissur :
Name of publisher Vallathole Printing and Publishing House ,
Year of publication 1956.
300 ## - PHYSICAL DESCRIPTION
Number of Pages 720 ; .
942 ## - ADDED ENTRY ELEMENTS (KOHA)
Koha item type Books
Holdings
Withdrawn status Lost status Damaged status Home library Current library Date acquired Full call number Accession Number Koha item type
Withdrawn     KAUAET Malayalam University 07/04/2012 894.8121 2697 Books
free website counter